Statistiques concernant Top 50 de l'Année 2001

Cliquez ici pour prendre le quiz!

Statistiques générales

  • Ce quiz a été pris 15 fois
  • Le résultat moyen est 11 sur 50

Statistiques - réponses

ArtistesChansons% Correct
12GAROU & CELINE DIONSous le vent
85%
15GAROUSeul
77%
30AXEL BAUER & ZAZIEA ma place
69%
19DESTINY'S CHILDSurvivor
62%
2SHAGGYIt wasn't me
54%
1MARY J. BLIGEFamily affair
46%
22GERI HALLIWELLIt's raining men
46%
9DE PALMASJ'en rêve encore
46%
26EMINEM feat. DIDOStan
46%
28SHAGGY feat. RAYVONAngel
38%
11KYLIE MINOGUECan't get you out of my head
38%
25NOIR DESIRLe vent nous portera
38%
48DAFT PUNKOne more time
38%
3CRAIG DAVID7 days
31%
33C. AGUILERA, LIL' KIM, MYA & PINKLady Marmalade
31%
40ZAZIERue de la paix
31%
6WYCLEF JEAN feat. MARY J. BLIGE911
23%
23M.C. SOLAARSolaar pleure
23%
27THE SUPERMEN LOVERS feat. MANI HOFFMANStarlight
23%
4MICHAEL JACKSONYou rock my world
23%
5M.C. SOLAARHasta la vista
15%
46DIDOHunter
15%
10MANU CHAOMe gustas tu
15%
20TRAVISSing
15%
31ROBBIE WILLIAMSSupreme
15%
13DE PALMASTomber
15%
47DE PALMASUne seule vie (marcher dans le sable)
15%
14JANET JACKSONAll for you
8%
41BRANDY & RAY JAnother day in paradise
8%
37LEANN RIMESCan't fight the moonlight
8%
18DIDOHere with me
8%
34EVE feat. GWEN STEFANILet me blow ya mind
8%
17JENNIFER LOPEZLove don't cost a thing
8%
7DANTE THOMAS feat. PRASMiss California
8%
43LIANE FOLYOn a tous le droit
8%
24MATTR'n'b 2 rue
8%
16USHERU remind me
8%
29CRAIG DAVIDWalking away
8%
45DE LA SOUL feat. CHAKA KHANAll good?
0%
49DESTINY'S CHILDBootylicious
0%
36MYACase of the ex
0%
21TITIYOCome along
0%
44DAFT PUNKDigital love
0%
50DEPECHE MODEDream on
0%
42JAMIROQUAILittle L.
0%
38OUTKASTMs. Jackson
0%
32JENNIFER LOPEZPlay
0%
8GALLEONSo I begin
0%
39SPOOKSThings I've seen
0%
35EVEWho's that girl?
0%

Distribution des résultats

Percentile par nombre de réponses

% des personnes avec chaque résultat

Votre développement - résultats

Vous n’avez pas pris ce quiz